[Event "Dulles Cherry Blossom op 11th"]
[Site "Dulles"]
[Date "2024.05.26"]
[Round "8"]
[White "Ramesh, Rahul"]
[Black "Baim, Elvin"]
[Result "1-0"]
[WhiteElo "1895"]
[BlackElo "1882"]
[PlyCount "45"]
[EventDate "2024.05.22"]
[EventType "swiss"]
[EventRounds "9"]
[EventCountry "USA"]
[SourceTitle "CBM 220 Extra"]
[Source "ChessBase"]
[SourceDate "2024.07.31"]
[SourceVersion "1"]
[SourceVersionDate "2024.07.31"]
[SourceQuality "1"]

1. d4 Nf6 2. Nf3 e6 3. Bf4 d5 4. e3 Bd6 5. Bg3 0-0 6. Bd3 c5 7. c3 Nc6 8. Nbd2 Re8 9. Ne5 Qc7 10. f4 Rf8 11. Bh4 Be7 12. Qf3 h6 13. g4 Ne4 14. Bxe7 Nxd2 15. Kxd2 Nxe5 16. fxe5 Qxe7 17. g5 hxg5 18. h4 f5 19. hxg5 g6 20. Rh6 Qxg5 21. Qh1 cxd4 22. Rh8+ Kf7 23. Qh7+ 1-0

[Event "Dulles Cherry Blossom op 11th"]
[Site "Dulles"]
[Date "2024.05.25"]
[Round "5"]
[White "Diao, Matthew Guo"]
[Black "Ramesh, Rahul"]
[Result "1-0"]
[WhiteElo "1971"]
[BlackElo "1895"]
[PlyCount "79"]
[EventDate "2024.05.22"]
[EventType "swiss"]
[EventRounds "9"]
[EventCountry "USA"]
[SourceTitle "CBM 220 Extra"]
[Source "ChessBase"]
[SourceDate "2024.07.31"]
[SourceVersion "1"]
[SourceVersionDate "2024.07.31"]
[SourceQuality "1"]

1. d4 d5 2. c4 dxc4 3. e4 Nf6 4. e5 Nd5 5. Bxc4 Nb6 6. Bd3 Nc6 7. Ne2 Bg4 8. f3 Be6 9. Bb5 Bd5 10. Nbc3 e6 11. 0-0 a6 12. Nxd5 Qxd5 13. Nc3 Qd7 14. Bxc6 Qxc6 15. Bg5 h6 16. Bh4 Nd5 17. Qd3 Nf4 18. Qe3 g5 19. Bg3 Nd5 20. Qd3 0-0-0 21. Rfd1 Be7 22. Rac1 Kb8 23. Bf2 Rhg8 24. Qh7 g4 25. Nxd5 Qxd5 26. Qxf7 gxf3 27. g3 Rde8 28. Rc3 Rgf8 29. Qh7 Rh8 30. Qc2 c6 31. Qb3 Qe4 32. Re1 Qg4 33. d5 exd5 34. Qb6 Qb4 35. Qa7+ Kc7 36. Rb3 Ra8 37. Bb6+ Kc8 38. Qxa8+ Kd7 39. Qxb7+ Ke6 40. Qxc6+ 1-0

[Event "Dulles Cherry Blossom op 11th"]
[Site "Dulles"]
[Date "2024.05.25"]
[Round "6"]
[White "Ramesh, Rahul"]
[Black "Cherukuri, Nitesh"]
[Result "0-1"]
[WhiteElo "1895"]
[BlackElo "2128"]
[PlyCount "42"]
[EventDate "2024.05.22"]
[EventType "swiss"]
[EventRounds "9"]
[EventCountry "USA"]
[SourceTitle "CBM 220 Extra"]
[Source "ChessBase"]
[SourceDate "2024.07.31"]
[SourceVersion "1"]
[SourceVersionDate "2024.07.31"]
[SourceQuality "1"]

1. d4 Nf6 2. Nf3 g6 3. Nc3 d5 4. Bf4 Bg7 5. Nb5 Na6 6. e3 0-0 7. h3 Ne4 8. Nd2 c6 9. Nxe4 dxe4 10. Nc3 c5 11. Nxe4 cxd4 12. exd4 Nb4 13. a3 Qxd4 14. Bd3 Qxb2 15. Rb1 Nxd3+ 16. cxd3 Qxa3 17. 0-0 b6 18. Qd2 Ba6 19. Rfd1 Rad8 20. Bh6 Qxd3 21. Qf4 Bxh6 0-1

[Event "Dulles Cherry Blossom op 11th"]
[Site "Dulles"]
[Date "2024.05.24"]
[Round "4"]
[White "Ramesh, Rahul"]
[Black "Pillai, Adithya"]
[Result "1-0"]
[WhiteElo "1895"]
[BlackElo "1981"]
[PlyCount "117"]
[EventDate "2024.05.22"]
[EventType "swiss"]
[EventRounds "9"]
[EventCountry "USA"]
[SourceTitle "CBM 220 Extra"]
[Source "ChessBase"]
[SourceDate "2024.07.31"]
[SourceVersion "1"]
[SourceVersionDate "2024.07.31"]
[SourceQuality "1"]

1. d4 Nf6 2. Nf3 g6 3. Nc3 d5 4. Bf4 Bg7 5. Nb5 Na6 6. e3 0-0 7. h3 Ne4 8. Nd2 c6 9. Nxe4 dxe4 10. Nc3 c5 11. Nxe4 cxd4 12. exd4 Qd5 13. Nc3 Qf5 14. Be3 Nb4 15. Rc1 Rd8 16. Bc4 Be6 17. Bb3 Bxb3 18. axb3 Bxd4 19. Bxd4 e5 20. Ne2 exd4 21. Ng3 Qb5 22. Qd2 Re8+ 23. Kd1 d3 24. c4 Qb6 25. c5 Qb5 26. Nf5 Re2 27. Qg5 Rxf2 28. Ne7+ Kf8 29. Qh6+ Ke8 30. Nxg6 hxg6 31. Qe3+ Kf8 32. Qxf2 Na2 33. Qd4 Qxb3+ 34. Kd2 Nxc1 35. Qh8+ Ke7 36. Re1+ Ne2 37. Qxa8 Qb4+ 38. Kxd3 Qxe1 39. Qxb7+ Kd8 40. Qb8+ Kd7 41. Qxa7+ Kc8 42. Qa6+ Kc7 43. Qd6+ Kb7 44. Qe7+ Kc6 45. Qxe2 Qb1+ 46. Kd4 Qg1+ 47. Qe3 Qd1+ 48. Kc3 Qd7 49. Qe4+ Kc7 50. Qf4+ Kb7 51. Qb4+ Kc8 52. c6 Qxc6+ 53. Qc4 Kc7 54. Qxc6+ Kxc6 55. Kd4 f6 56. g4 g5 57. Ke4 Kd6 58. Kf5 Ke7 59. b4 1-0

[Event "Charlotte op"]
[Site "Charlotte"]
[Date "2024.01.13"]
[Round "1"]
[White "Belenkaya, Dina"]
[Black "Ramesh, Rahul"]
[Result "1-0"]
[WhiteElo "2202"]
[BlackElo "1864"]
[PlyCount "73"]
[EventDate "2024.01.13"]
[EventType "swiss"]
[EventRounds "6"]
[EventCountry "USA"]
[SourceTitle "EXT 2025"]
[Source "ChessBase"]
[SourceDate "2024.10.14"]
[SourceVersion "1"]
[SourceVersionDate "2024.10.14"]
[SourceQuality "1"]

1. Nf3 d5 2. g3 Nf6 3. Bg2 Bf5 4. d3 h6 5. Nbd2 e6 6. 0-0 Be7 7. b3 0-0 8. Bb2 c5 9. c4 Nc6 10. cxd5 exd5 11. Rc1 d4 12. Ba3 Qa5 13. Nc4 Qa6 14. Bb2 b5 15. Nce5 Nxe5 16. Nxe5 Rac8 17. a4 Qe6 18. Nf3 bxa4 19. bxa4 Bh3 20. Ba3 Bxg2 21. Kxg2 Qd5 22. Qc2 Nd7 23. Kg1 Rfe8 24. e4 Qh5 25. Kg2 g5 26. h3 Qg6 27. Rb1 Qa6 28. Rb5 Nb6 29. Ne5 Qxa4 30. Qxa4 Nxa4 31. Ra5 Bd8 32. Rxa4 Rxe5 33. Rc1 Bb6 34. Rxd4 Rf8 35. Rd6 Kh7 36. Rd7 Kg6 37. f4 1-0